PATTERN MAKING FOR FASHION DESIGN (Record no. 13409)
[ view plain ]
| 000 -LEADER | |
|---|---|
| fixed length control field | 00263nam a22001217a 4500 |
| 003 - CONTROL NUMBER IDENTIFIER | |
| control field | SGT |
| 082 ## - DEWEY DECIMAL CLASSIFICATION NUMBER | |
| Classification number | 740 |
| Item number | HEL |
| 100 ## - MAIN ENTRY--PERSONAL NAME | |
| Personal name | HELLEEN, JOSSEPH |
| 245 ## - TITLE STATEMENT | |
| Title | PATTERN MAKING FOR FASHION DESIGN |
| 260 ## - PUBLICATION, DISTRIBUTION, ETC. (IMPRINT) | |
| Name of publisher, distributor, etc | PEARSON INDIA |
| Year of Publication | 2015 |
| 300 ## - PAGE DESCRIPTION | |
| No. of Pages | 895 |
| 942 ## - ADDED ENTRY ELEMENTS (KOHA) | |
| Source of classification or shelving scheme | Dewey Decimal Classification |
| Koha item type | Books |
| 942 ## - ADDED ENTRY ELEMENTS (KOHA) | |
| -- | 14 |
| Withdrawn status | Lost status | Source of classification or shelving scheme | Damaged status | Not for loan | Home library | Current library | Date acquired | Vendor Name | Cost, normal purchase price | SGTU | Bill Number | Total Checkouts | Full call number | Accession No. (Barcode) | Checked out | Date last seen | Date last borrowed | Bill Date | Koha item type | Shelving location |
|---|---|---|---|---|---|---|---|---|---|---|---|---|---|---|---|---|---|---|---|---|
| Dewey Decimal Classification | SGT Science & Social Sciences Library | SGT Science & Social Sciences Library | 16/09/2017 | SUMSAC INT. | 949.00 | SGTU | 02854 | 18 | 740 HEL | FF393 | 16/09/2021 | 02/09/2021 | 02/09/2021 | 16/09/2017 | Books | |||||
| Dewey Decimal Classification | Not For Loan | SGT Science & Social Sciences Library | SGT Science & Social Sciences Library | 16/09/2017 | SUMSAC INT. | 949.00 | SGTU | 02854 | 740 HEL | FF394 | 16/09/2017 | 16/09/2017 | Books | Reference Book | ||||||
| Dewey Decimal Classification | SGT Science & Social Sciences Library | SGT Science & Social Sciences Library | 16/09/2017 | SUMSAC INT. | 949.00 | SGTU | 02854 | 36 | 740 HEL | FF395 | 06/11/2024 | 23/10/2024 | 16/09/2017 | Books |